| 000 | 00610nam a2200193Ia 4500 | ||
|---|---|---|---|
| 008 | 151121s9999||||xx |||||||||||||| ||und|| | ||
| 082 | _a814/पानव | ||
| 082 | _bHNW-69567 | ||
| 100 | _aपानवलकर श्री। दा। | ||
| 245 | _aसंजारी | ||
| 260 | _b"मौज प्रकाशन ग्रह, मुंबई।" | ||
| 260 | _c-- | ||
| 300 | _a92 | ||
| 600 | _aपानवलकर श्री। दा। | ||
| 630 | _aसंजारी | ||
| 700 | _aपानवलकर श्री। दा। | ||
| 730 | _aसंजारी | ||
| 942 | _cBOOK | ||
| 999 |
_c1251051 _d1251048 |
||